000 00704nam a2200229 a 4500
001 BRCA_7765
005 20190320210001.0
008 300913s1948----sp-a######---#000-0#spa-#
041 _aspa
044 _asp
050 4 _aDP402.S2
_b.T67 1948
100 1 _aTorrente Ballester, Gonzalo
_919219
245 1 0 _aCompostela
_cGonzalo Torrente Ballester ; ilustraciones y ornamentación de María Droc.
260 _aMadrid
_bA. Aguado
_c1948
300 _a261 p.
_bil. a color
_c28 cm.
500 _aX6
651 4 _aSantiago de Compostela, España
_xDescripción y viajes
_919220
651 4 _aEspaña
_xDescripción y viajes
_97912
700 1 _aDroc, Maria
_eil.
_919221
902 _aGFM
942 _2lcc
_cB
999 _c7439
_d7439